=LDR 00000nam 2200000 4500 =001 NUTBA000000000002420 =005 20140616121740.0 =006 =007 =008 =020 ##$$a 979-448-394-x =035 ##$$a 0010-061400000000363 =082 ##$$a 410 =100 ##$$a SINTOWATI RINI MUTAMI =245 ##$$a BAHASA INDONESIA UNTUK KEPERAWATANH =260 ##$$a JAKARTA $b MONICA ESTER $c 1998 =850 ##$$a NBPNMAT =990 ##$$a 21400613/BPAP-NTB/20142014 =990 ##$$a 21400613/BPAP-NTB/20142014